Statistics for Name all of EA's NHL cover athletes

Click here to take the quiz!

General Stats

  • This quiz has been taken 350 times
    (81 since last reset)
  • The average score is 17 of 40

Answer Stats

GamePlayer% Correct
NHL 22Auston Matthews
93%
NHL 20Auston Matthews
93%
NHL 21Alexander Ovechkin
91%
NHL 07Alexander Ovechkin
91%
NHL 18Connor McDavid
90%
NHL 24Cale Makar
81%
NHL 19P.K. Subban
81%
NHL 23Trevor Zegras
81%
NHL 16Jonathan Toews
76%
NHL 11Jonathan Toews
76%
NHL 14Martin Brodeur
76%
NHL 10Patrick Kane
75%
NHL 23Sarah Nurse
72%
NHL 15Patrice Bergeron
67%
NHL 17Vladimir Tarasenko
63%
NHL 12Steven Stamkos
55%
NHL 13Claude Giroux
51%
NHL 2002Mario Lemieux
51%
NHL 2003Jarome Iginla
37%
NHL 2004Joe Sakic
30%
NHL 08Eric Staal
27%
NHL 06Vincent Lecavalier
27%
NHL 09Dion Phaneuf
24%
NHL 96Steve Yzerman
24%
NHL 2000Chris Pronger
16%
NHL 99Eric Lindros
16%
NHL 2005Markus Naslund
16%
NHL 2004Dany Heatley
15%
NHL 98Peter Forsberg
13%
NHL 96Scott Stevens
13%
NHL 2001Owen Nolan
12%
NHLPA Hockey '93Rod Brind'Amour
7%
NHL 97John Vanbiesbrouck
6%
NHLPA Hockey '93Mike Richter
6%
NHL 95Alexei Kovalev
4%
NHL '94Andy Moog
4%
NHL HockeyGlenn Healy
4%
NHL 95Kirk McLean
3%
NHL '94Tomas Sandstrom
3%
NHLPA Hockey '93Randy Moller
1%

Score Distribution

Percentile by Number Answered

Percent of People with Each Score

Your Score History

You have not taken this quiz since the last reset